00000000nam##2200000za#4500
0019.698131
003CaOODSP
00520210624235806
007cr |||||||||||
008150407|2000||||xxc|||||o    f|0| 0 eng|d
040 |aCaOODSP|beng
043 |an-cn---
0861 |aRH64-70/2000E-PDF
1101 |aCanada.|bHuman Resources Development Canada. |bStrategic Policy.
24514|aThe net fiscal incidence of the Employment Insurance Act on full- versus part-time workers : |h[electronic resource]|bfinal report / |cprepared by: Peter Kuhn.
260 |aOttawa - Ontario : |bHuman Resources Development Canada. |cNovember 2000.
300 |a52p.|btables
504 |aBibliography.
590 |a13-16-Supp|b2013-07-12
69007|aEmployment insurance|2gcpds
69007|aWorkers|2gcpds
77508|tLa Loi sur l'assurance-emploi - incidence financière nette sur les travailleurs à temps plein et les travailleurs à temps partiel : |w(CaOODSP)9.642125
85640|ahttp://publications.gc.ca|qPDF|s206 KB|uhttps://publications.gc.ca/collections/collection_2013/rhdcc-hrsdc/RH64-70-2000-eng.pdf
986 |aSP-AH128-11-00E